Oncologic imaging : (Record no. 2363)

MARC details
000 -LEADER
fixed length control field 00978cam a2200205 i 4500
008 - FIXED-LENGTH DATA ELEMENTS--GENERAL INFORMATION
fixed length control field 230307s2023 paua b 001 0 eng
020 ## - INTERNATIONAL STANDARD BOOK NUMBER
ISBN 9780323695381
100 ## - MAIN ENTRY--AUTHOR
Author Silverman Paul M
245 00 - TITLE STATEMENT
Title Oncologic imaging :
Remainder of title a multidisciplinary approach /
Statement of responsibility, etc Paul M. Silverman, MD, editor-in-chief, Professor of Radiology (Ret.), Gerald D. Dodd, Jr., Distinguished Chair and Director of Academic Development for Diagnostic Imaging, Department of Diagnostic Imaging, Department of Diagnostic Radiology, the University of Texas MD Anderson Cancer Center, Houston, Texas.
250 ## - EDITION STATEMENT
Edition statement Second edition.
260 ## - PUBLICATION, DISTRIBUTION, ETC. (IMPRINT)
Place of publication Philadelphia
Name of publisher Elsevier
Date of publication 2023
300 ## - COLLATION
Pagination xvii, 742 pages :
Other physical details illustrations (some color) ;
500 ## - GENERAL NOTE
General note Revised edition of: Oncologic imaging / [edited by] Paul M. Silverman. c2012.
650 #0 - TRACINGS
Main Subject Cancer
Subdivision (2nd) Imaging.
650 #0 - TRACINGS
Main Subject Tumors
Subdivision (2nd) Imaging.
650 #0 - TRACINGS
Main Subject Diagnostic imaging.
700 1# - ADDITIONAL AUTHOR
Additional Author Silverman, Paul M.,
942 ## - ADDED ENTRY ELEMENTS (KOHA)
Item type Books
050 00 - LIBRARY OF CONGRESS CALL NUMBER
Classification number RC270.3.D53
Item number O54 2023

No items available.